000 00501nam a2200181Ia 4500
999 _c28547
_d28547
003 OSt
005 20200930104814.0
008 190216s9999||||xx |||||||||||||| ||und||
020 _a8126409797
040 _coclc
082 _a580
_bKAM/S
100 _aKammath, A Rajagopal
_95181
245 0 _aSasyalokathe Viseshangal /
_cA Rajagopal Kammath
260 _bDC Books,
_aKottayam:
_c2006.
300 _a95p
650 _aMalayalam
942 _cBK
_2ddc
_h580
_iKAM/S
_k580
_mKAM/S